Gaming Quiz

Random Gaming or Video Games Quiz

Fallout 3: S.P.E.C.I.A.L. Quiz Stats

 Plays Quiz Updated Jan 16, 2020

     
Support Sporcle.
Go Orange.
Score 0/7 Timer 01:00
5 Plays Today
Letter Attribute % Correct
SStrength
94.8%
LLuck
89%
IIntelligence
88.2%
PPerception
87.4%
CCharisma
85.7%
AAgility
85.6%
EEndurance
83.3%

From the Vault

'H' Blitz

by Flick

Hectic hurrying helps heftily.
Remove Ads.
Support Sporcle.
Get the best of Sporcle when you Go Orange. This ad-free experience offers more features, more stats, and more fun while also helping to support Sporcle. Thank you for becoming a member.

Show Comments

Extras

Top Quizzes Today


Score Distribution

Your Account Isn't Verified!

In order to create a playlist on Sporcle, you need to verify the email address you used during registration. Go to your Sporcle Settings to finish the process.

Report this User

Report this user for behavior that violates our Community Guidelines.

Details: